000
00287nam a2200133Ia 4500
100
_a
Byrer/T.G
942
_c
RB
654
_a
forging
245
_a
Forging handbook
260
_b
American Society for metals
_a
Ohio
_c
1985
082
_a
671.332
_b
BYR
300
_a
296
546
_a
ENGLISH
999
_c
19467
_d
19467